Mineralisation of urea coated with neem cake and tar and its effect on growth of rubber (Record no. 48699)

MARC details
000 -LEADER
fixed length control field 00639nam a2200169Ia 4500
100 ## - MAIN ENTRY--AUTHOR NAME
Personal name Karthikakuttyamma M.
245 #0 - TITLE STATEMENT
Title Mineralisation of urea coated with neem cake and tar and its effect on growth of rubber
260 ## - PUBLICATION, DISTRIBUTION, ETC. (IMPRINT)
Name of publisher Proceedings of the International Rubber Conference, 17-19 September 1984, Rubber Research Institute of Sri Lanka, Colombo, Sri Lanka, V 1; Pt.1, pp. 279-283.
Year of publication 1984
650 ## - SUBJECT ADDED ENTRY--TOPICAL TERM
Topical Term Neem coated urea
650 ## - SUBJECT ADDED ENTRY--TOPICAL TERM
Topical Term Rubber growing soil
650 ## - SUBJECT ADDED ENTRY--TOPICAL TERM
Topical Term Tar coated urea
700 ## - ADDED ENTRY--PERSONAL NAME
Personal name Antony P.A.
700 ## - ADDED ENTRY--PERSONAL NAME
Personal name Krishnakumari K.S.
700 ## - ADDED ENTRY--PERSONAL NAME
Personal name Potty S.N.
942 ## - ADDED ENTRY ELEMENTS (KOHA)
Koha item type Bibliography STAF
Holdings
Withdrawn status Lost status Damaged status Not for loan Home library Current library Shelving location Date acquired Koha item type
      Bibliography RRII Library RRII Library Agronomy 09/04/2014 Bibliography STAF